000 00234nam a2200097Ia 4500
008 240331s9999 xx 000 0 und d
082 _bKOT
100 _aKothandaraman, M
245 0 _aVadaarkadu mawadda naaddupurap paddalkal
942 _cL
999 _c3623
_d3623